00772cam a2200241 45000010005000000030008000050050017000130080039000300200015000690350018000840400032001020410008001340820024001421000018001662450079001842600031002633000043002943500009003374900032003465040050003786510051004286510051004793878BD-RjUL20211208233809.0131221t1969 enkab bs 001 0 eng a0582410290 a(BD-RjUL)3912 aDLCcDLCdDLCdBD-RjULbeng aeng00a304.6216bREM 19691 aReader, K. S.14aThe modern British economy in historical perspective /c[by] K. S. Reader. aHarlow :bLongmans,c1969. axii, 236 p. ;billus., maps. ;c25 cm. a45/-0 aLongmans' business studies. aIncludes Bibliographical reference and index. 0aGreat BritainxEconomic conditionsy1945-1964. 0aGreat BritainxEconomic conditionsy1964-1979.